| 000 | 00669nam a2200241Ia 4500 | ||
|---|---|---|---|
| 003 | OSt | ||
| 005 | 20250721124748.0 | ||
| 008 | 210423s2012 xx 000 0 und d | ||
| 020 | _a978-81-321-1024-8 | ||
| 040 | _cAL | ||
| 041 | _aeng | ||
| 082 |
_a070.572 _b BECS |
||
| 100 |
_aLucinda Becker _9108172 |
||
| 245 | _aSuccess in research publishing journal articles | ||
| 260 |
_aNew Delhi _bSage Publications _c2012 |
||
| 300 |
_aviii,141 _bPB |
||
| 365 |
_b295 _cINR |
||
| 650 |
_aJournalism _9108173 |
||
| 650 |
_aPublishing _9108174 |
||
| 700 |
_aDenicolo, Pam _9219557 |
||
| 906 | _aarticles. ; journal ; publishing ; research ; Success | ||
| 942 |
_2ddc _cBK |
||
| 999 |
_c165076 _d165076 |
||